000
00335nam a2200157Ia 4500
100
_a
Miller/William A
650
_a
Philosophy
942
_c
BK
366
_f
25
654
_a
joy
245
_a
Joy of feeling Good
260
_b
Better Yourself Books
_a
Bandra
_c
1986
082
_a
170/MIL
_b
MIL
300
_a
190
546
_a
ENGLISH
999
_c
20525
_d
20525